000 00481cam a2200181ua 4500
001 2516
008 110912n ii |||gr||||Z||||||asm
040 _cMAIN
082 _a491.451
100 _aBaruah, Birtinchi Kumar,
_eAuthor.
245 1 _aAsamiya bhasa aru sanskriti
_cby Birinchi Kumar Baruah
250 _a5th.
260 _aNalbari:
_bJournal Emporium,985.
300 _a130p:
_c23cm.
653 _aAssamese language
653 _aAsamiya bhasa aru sanskriti
942 _cBK
999 _c2369
_d2369